00591nam a2200217Ia 4500001000700000003000500007008004100012010001100053040000900064082001800073100002200091245006900113260003200182300001100214440000500225500005100230503000800281650002700289650002400316650003300340Z_4981CHAP220113s1983 xx 000 0 und d a168037 cCHAP a636.0894 L48y aLevine, Norman D. aTratado de parasitología veterinaria /cpor Norman D. Levine aZaragoza :bAcribia,c1983 a276 p. a aTrad. De : Textbook of veterinary parasitology aC/E aAnimalesxParásitos  aGanadoxParásitos aParasitología veterinaria